| 000 | 00000nam##2200000za#4500 |
| 001 | 9.570945 |
| 003 | CaOODSP |
| 005 | 20210624182502 |
| 007 | cr ||||||||||| |
| 008 | 150406|2006||||xxc|||||o f|0| 0 eng|d |
| 040 | |aCaOODSP|beng |
| 043 | |an-cn--- |
| 086 | 1 |aYC34-0/391-2E-PDF |
| 110 | 1 |aCanada. |bParliament. |bSenate. |bStanding Committee on Official Languages. |
| 245 | 10|aUnderstanding the reality and meeting the challenges of living in French in Nova Scotia : |h[electronic resource]|bstudy mission to the Acadian and francophone communities of Nova Scotia, 19-23 September 2005 / |cThe Honourable Maria Chaput, chair ; the Honourable Andrée Champagne, P.C., deputy chair. |
| 260 | |aOttawa - Ontario : |bSenate. |cOctober 2006. |
| 300 | |a43p.|bcoloured map, references, tables |
| 490 | 1 |aReport of the Standing Senate Committee on Official Languages|v39th Parliament, 1st Session, [2nd report] |
| 590 | |a11-12-Supp|b2011-07-29 |
| 775 | 08|tVivre en français en Nouvelle-Écosse : une réalité à comprendre, un défi à relever : |w(CaOODSP)9.601588 |
| 830 | #0|aReport of the Standing Senate Committee on Official Languages ;|v39th Parliament, 1st Session, [2nd report]|w(CaOODSP)9.505258 |
| 856 | 40|ahttp://publications.gc.ca|qPDF|s454 KB|uhttps://publications.gc.ca/collections/collection_2011/sen/yc34-0/YC34-0-391-2-eng.pdf|y39th Parliament, 1st Session, [2nd report] |